[Event "Høstturnering 2016"]
[Site ""]
[Date "2016.10.05"]
[Round "1"]
[White "Holmen, Svein Erik"]
[Black "Lømo, Ola Morten"]
[Result "0-1"]
[WhiteElo "1101"]
[BlackElo "1295"]

1.Nf3 Nf6 2.d3 d5 3.Bg5 Nbd7 4.Nc3 e5 5.d4 e4 6.Ne5 c6 7.e3 Bd6 8.Qh5 Nxe5 9.dxe5 Bxe5 10.h3 Nxh5 11.Bxd8 Kxd8 12.Be2 Nf6 13.O-O-O Be6 14.g4 g5 15.f3 Kc7 16.Rhf1 Bxc3 17.bxc3 Raf8 18.f4 gxf4 19.Rxf4 Nd7 20.Rdf1 Nb6 21.h4 Na4 22.Kd2 Rd8 23.a3 c5 24.Bb5 Nb6 25.g5 a6 26.Be2 Nd7 27.Bg4 Bxg4 28.Rxg4 Ne5  29.Rgf4 Nf3+ 30.R1xf3 exf3 31.Rxf3 d4 32.cxd4 cxd4 33.e4 b5 34.Kd3 Rd6 35. Rf4 Kd7 36.e5 Rd5 37.Rf6 Rxe5 38.Rxa6 Rhe8 39.Kxd4 Re4+ 40.Kd3 Rxh4 41. Ra7+ Ke6 42.Ra6+ Kd5 43.Rf6 Rg4 44.Rf5+ Ke6 45.Rxb5 Rg8 46.Rb6+ Kd5 47.Rf6 R4xg5 48.Rxf7 h5 49.Rd7+ Kc6 50.Re7 h4 51.c4
0-1

[Event "Høstturnering 2016"]
[Site ""]
[Date "2016.10.05"]
[Round "1"]
[White "Nygård, Lars Christian"]
[Black "Opseth, Erik"]
[Result "1-0"]
[WhiteElo "1286"]
[BlackElo "642"]

1.d4 Nf6 2.c4 e6 3.Nf3 d6 4.Nc3 Nc6 5.Bg5 a6 6.e3 Bd7 7.a3 Qc8 8.Bxf6 gxf6 9.g3 Bg7 10.Bg2 Ne7 11.O-O d5 12.Qb3 dxc4 13.Qxc4 Nf5 14.Qb4 Bf8 15.Qb3 Rb8 16.Rac1 h5 17.e4 Nh6 18.Nd2 e5 19.Nd5 Bd6 20.Nxf6+ Ke7 21.Nd5+ Kf8 22.Nc4 c5 23.Nxd6 Qc6 24.dxe5 Be6 25.Rc3 Kg7 26.Rfc1 Ng4 27.Rxc5 Bxd5 28.exd5  Qd7 29.Rc7 Nxe5 30.Rxd7 Nxd7 31.Qf3 Ne5 32.Qf5 f6 33.Rc7+ Kh6 34.Qxf6+ Ng6 35.Nf5#
1-0

[Event "Høstturnering 2016"]
[Site ""]
[Date "2016.10.05"]
[Round "1"]
[White "Opseth, Oliver"]
[Black "Skjerve, Vemund"]
[Result "1/2-1/2"]
[WhiteElo "1469"]
[BlackElo "879"]

1.d4 d6 2.c4 Nc6 3.Nf3 Nf6 4.Nc3 d5 5.e3 e6 6.Bd2 Bb4 7.cxd5 exd5 8.a3 Bxc3 9.bxc3 Ne4 10.c4 Nxd2 11.Qxd2 Be6 12.cxd5 Bxd5 13.Be2 b6 14.O-O Na5 15.Bb5+ c6 16.Ba4 Bb3 17.Bxb3 Nxb3 18.Qc3 Nxa1 19.Qxc6+ Ke7 20.Rxa1 Qd7 21.Qe4+ Qe6 22.Qb7+ Qd7 23.Qe4+ Qe6 24.Qb7+ Qd7 25.Qe4+ Qe6 26.Ne5 Rhe8  27.d5 Qh6
1/2-1/2

[Event "Høstturnering 2016"]
[Site ""]
[Date "2016.10.05"]
[Round "1"]
[White "Hagen, Gard S"]
[Black "Ganser, Klaus"]
[Result "0-1"]
[WhiteElo "1046"]
[BlackElo "1140"]

1.e4 e5 2.Nf3 Nc6 3.d4 exd4 4.Bd3 Bd6 5.Ng5 Ne5 6.Be2 Nf6 7.Qxd4 Qe7 8.f4 Nc6 9.Qc4 Bc5 10.e5 Ng8 11.Nc3 Bb4 12.O-O Bxc3 13.Qxc3 Nh6 14.Qh3 d6 15.e6 f6 16.Qh5+ g6 17.Qxh6 fxg5 18.f5 Nd4 19.Rf2 Nxf5 20.Rxf5 Qxe6 21.Rf2 g4 22.Bg5 Qg8 23.Bb5+ c6 24.Re1+ Be6 25.Be2 Kd7 26.c4 Re8 27.Qh4 h5 28.Rf6  Bxc4 29.Qg3 Qd5 30.Rd1 Qc5+ 31.Kh1 Bxe2 32.Rfxd6+ Kc8 33.Re1 Qxg5 34.Qc3 Rhf8 35.Rxc6+ bxc6 36.Qxc6+ Kb8 37.Qd6+ Ka8 38.Qc6+ Kb8 39.Qd6+ Kc8 40.Rc1+
0-1

[Event "Høstturnering 2016"]
[Site ""]
[Date "2016.10.05"]
[Round "2"]
[White "Lømo, Ola Morten"]
[Black "Nygård, Lars Christian"]
[Result "1-0"]
[WhiteElo "1295"]
[BlackElo "1286"]

1.e4 e5 2.f4 exf4 3.Nf3 Bc5 4.d4 Bb6 5.Bxf4 d6 6.Bc4 Be6 7.Bxe6 fxe6 8.O-O Ne7 9.Ng5 Qd7 10.Be3 e5 11.Qh5+ g6 12.Qf3 Nec6 13.Qf6 Rg8 14.c3 Qg7 15.Qe6+ Ne7 16.Rf7 Nc6 17.Rxg7 Rxg7 18.Qf6 Rg8 19.Nxh7 O-O-O 20.Qe6+ Kb8 21.Bg5 Rge8 22.Nf6 Bxd4+ 23.cxd4 Nxd4 24.Qc4 b5 25.Qd3 Rf8 26.Nd7+ Kb7 27.  Nxf8 Rxf8 28.Bxe7 Rf7 29.Bg5 c5 30.b3 c4 31.bxc4 b4 32.Nd2 d5 33.Nf3 Nxf3+ 34.gxf3 Kc7 35.Rc1
1-0

[Event "Høstturnering 2016"]
[Site ""]
[Date "2016.10.05"]
[Round "2"]
[White "Opseth, Erik"]
[Black "Holmen, Svein Erik"]
[Result "0-1"]
[WhiteElo "642"]
[BlackElo "1101"]

1.e4 e5 2.Nf3 d6 3.Nc3 Nf6 4.h3 Nc6 5.Be2 Be7 6.O-O O-O 7.d3 a6 8.Bd2 Be6 9.Qc1 b5 10.a3 Nd7 11.b3 Qe8 12.Qb2 f5 13.Nd5 Bd8 14.c4 Qg6 15.Nb4 Nxb4 16.Bxb4 fxe4 17.dxe4 Bxh3 18.g3 Bxf1 19.Bxf1 Rxf3 20.Bh3 Rf7 21.Qc2 Bg5 22.Bf5 Qf6 23.Bd2 Bxd2 24.Qxd2 Raf8 25.Qd5 Nb6 26.Qd3 g6 27.g4 gxf5 28.exf5 Qg5 29.f3 Qf4 30.Kg2 Nd7 31.Rh1 Nf6
0-1

[Event "Høstturnering 2016"]
[Site ""]
[Date "2016.10.05"]
[Round "2"]
[White "Myrene, Jon Kåre"]
[Black "Brenden, Bjørn"]
[Result "1-0"]
[WhiteElo "1851"]
[BlackElo "1246"]

1.e4 e5 2.f4 Qh4+ 3.g3 Qf6 4.d4 d6 5.Nf3 Bg4 6.dxe5 dxe5 7.Be2 Nc6 8.O-O Bc5+ 9.Kg2 Rd8 10.Qe1 Nh6 11.Nc3 Nb4 12.fxe5 Qg6 13.Nh4 Nxc2 14.Nxg6 Nxe1+ 15.Rxe1 hxg6 16.Bxh6 gxh6 17.Bxg4 h5 18.Bf3 c6 19.Rad1 Ke7 20.Rxd8 Rxd8 21.Rd1 Bd4 22.g4 hxg4 23.Bxg4 Bxe5 24.Rxd8 Kxd8 25.h3 b5 26.Kf3 Bxc3 27.bxc3 a5 28.e5 Kc7 29.Ke4 Kb6 30.Kd4 c5+ 31.Kd5 b4 32.cxb4 axb4 33.Be2
1-0

[Event "Høstturnering 2016"]
[Site ""]
[Date "2016.10.05"]
[Round "2"]
[White "Skjerve, Vemund"]
[Black "Hagen, Gard S"]
[Result "0-1"]
[WhiteElo "879"]
[BlackElo "1046"]

1.e4 e5 2.d3 Bc5 3.Nf3 d6 4.Nc3 Nf6 5.a3 Ng4 6.d4 exd4 7.Nxd4 Qf6 8.Be3 c6 9.h3 Nxe3 10.fxe3 Qh4+ 11.Kd2 Bxd4 12.Qe1 Bxc3+ 13.bxc3 Qxe4 14.Qg3 O-O 15.Bd3 Qe7 16.h4 Nd7 17.h5 Ne5 18.h6 g6 19.Be2 Be6 20.a4 Nc4+ 21.Kc1 d5 22.Bxc4 dxc4 23.Qe5 f6 24.Rd1 fxe5 25.Kb2 a5 26.e4 b5 27.Rd2 b4 28.Rg1 bxc3+ 29.Kxc3 Qa3#
0-1

[Event "Høstturnering 2016"]
[Site ""]
[Date "2016.10.05"]
[Round "2"]
[White "Ganser, Klaus"]
[Black "Opseth, Oliver"]
[Result "0-1"]
[WhiteElo "1140"]
[BlackElo "1469"]

1.e4 e5 2.Nf3 Nc6 3.Bb5 Nf6 4.d3 d6 5.h3 a6 6.Bxc6+ bxc6 7.a3 Be7 8.Nc3 O-O 9.Bg5 Rb8 10.Qd2 Rxb2 11.O-O Be6 12.a4 h6 13.Bxh6 gxh6 14.Qxh6 Nh7 15. Qe3 Rxc2 16.Ne2 Bg5 17.Nxg5 Qxg5 18.Ng3 Qxe3 19.fxe3 Rb8 20.Nf5 Bxf5 21. Rxf5 Rbb2 22.g4 Rg2+ 23.Kh1 Rh2+ 24.Kg1 Rxh3 25.Raf1 f6 26.g5 Rg3+ 27.Kh1 Rxg5
0-1

[Event "Høstturnering 2016"]
[Site ""]
[Date "2016.10.05"]
[Round "3"]
[White "Myrene, Jon Kåre"]
[Black "Lømo, Ola Morten"]
[Result "1-0"]
[WhiteElo "1851"]
[BlackElo "1295"]

1.e4 e5 2.Nf3 Nc6 3.Nc3 Nf6 4.d4 exd4 5.Nxd4 Nxd4 6.Qxd4 d6 7.Bc4 Be6 8.e5 c5 9.Bb5+ Bd7 10.Qe3 dxe5 11.Qxe5+ Qe7 12.Bf4 Qxe5+ 13.Bxe5 Be7 14.O-O-O  Bxb5 15.Nxb5 O-O 16.Rhe1 Ng4 17.Bg3 Bg5+ 18.Kb1 Rfe8 19.Nxa7 Rxe1 20.Rxe1 h5 21.Nb5 h4 22.Bd6 Ra5 23.c4 Nxf2 24.Bxc5 Nd3 25.Re8+ Kh7 26.Bd4 Bf4 27.  Re7 Kg6 28.g3 hxg3 29.hxg3 Bxg3 30.Re3
1-0

[Event "Høstturnering 2016"]
[Site ""]
[Date "2016.10.05"]
[Round "3"]
[White "Hagen, Gard S"]
[Black "Opseth, Erik"]
[Result "1-0"]
[WhiteElo "1046"]
[BlackElo "642"]

1.e4 c5 2.Nf3 e6 3.d4 h6 4.d5 d6 5.e5 dxe5 6.Nxe5 Bd6 7.Nxf7 Kxf7 8.Bc4 e5 9.Qh5+ g6 10.Qe2 Bd7 11.f4 Qe8 12.O-O Kg7 13.Nc3 Nf6 14.h3 Nh5 15.f5 Nf4  16.f6+ Kf7 17.Bxf4 exf4 18.Ne4 Bc7 19.d6+ Be6 20.dxc7 Qd7 21.cxb8=Q Raxb8  22.Rad1 Qc6 23.Nd6+ Kxf6 24.Rxf4+ Bf5 25.Qe6+ Kg7 26.Qf7#
1-0

[Event "Høstturnering 2016"]
[Site ""]
[Date "2016.10.05"]
[Round "3"]
[White "Brenden, Bjørn"]
[Black "Nygård, Lars Christian"]
[Result "1/2-1/2"]
[WhiteElo "1246"]
[BlackElo "1286"]

1.Nf3 g6 2.e4 Bg7 3.Bc4 d6 4.Nc3 Nf6 5.O-O O-O 6.a3 a6 7.Ba2 Nbd7 8.d3 Rb8 9.h3 b6 10.Be3 Bb7 11.Qd2 e6 12.Bh6 Qe7 13.Bxg7 Kxg7 14.Rae1 c5 15.Qg5 Rfe8 16.Qe3 h6 17.Ne2 b5 18.Nh2 Ne5 19.f4 Nc6 20.c3 a5 21.g4 Ba6 22.Ng3 Qa7 23.Kg2 b4 24.f5 bxc3 25.bxc3 Rb2+ 26.Re2 Rxe2+ 27.Nxe2 exf5 28.gxf5 g5  29.Qg3 Ne5 30.c4 Qb8 31.Rb1 Qa8 32.Nf1 Nh5 33.Qe3 Nf4+ 34.Kg3 Rb8 35.h4 Rxb1 36.Bxb1 gxh4+ 37.Kxf4 Qd8 38.Qg1+ Kh7 39.Nd2
1/2-1/2

[Event "Høstturnering 2016"]
[Site ""]
[Date "2016.10.05"]
[Round "4"]
[White "Lømo, Ola Morten"]
[Black "Hagen, Gard S"]
[Result "1-0"]
[WhiteElo "1295"]
[BlackElo "1046"]

1.Nf3 Nf6 2.d4 d5 3.Bf4 Bf5 4.Nbd2 e6 5.h3 h5 6.g4 Be4 7.Nxe4 dxe4 8.Ne5 Qd5 9.e3 Bd6 10.Qd2 Bxe5 11.Bxe5 Nbd7 12.Bg3 c5 13.Bg2 O-O 14.O-O Ne8 15. f4 exf3 16.Bxf3 Qg5 17.Bxb7 Rb8 18.Bxb8 Nxb8 19.Bg2 f5 20.dxc5 Nf6 21.Rf4 fxg4 22.hxg4 Nbd7 23.Raf1 Ne5 24.Bh3 Nc4 25.Qd4 Ne5 26.Qd6 Re8 27.Kh2 Nc4  28.Qd3 Qxc5 29.Rxc4 Qe5+ 30.Kg2 Qg5 31.Rcf4 Nd5 32.R4f3 Rd8 33.Qe4 Re8 34. c4 Nf6 35.Qc6 Qg6 36.Kh2 Ne4 37.Rf7 Rd8 38.Qc7 Qg5 39.Rxg7+
1-0

[Event "Høstturnering 2016"]
[Site ""]
[Date "2016.10.05"]
[Round "4"]
[White "Nygård, Lars Christian"]
[Black "Holmen, Svein Erik"]
[Result "1/2-1/2"]
[WhiteElo "1286"]
[BlackElo "1101"]

1.Nf3 d6 2.d4 Nf6 3.c4 Bf5 4.Nc3 c6 5.g3 e6 6.Bg2 Ne4 7.O-O Be7 8.Qb3 Nxc3 9.bxc3 b6 10.Bf4 O-O 11.Rfe1 Nd7 12.e4 Bg6 13.Rad1 Rc8 14.Rd2 h6 15.e5 d5 16.cxd5 cxd5 17.Bf1 Be4 18.Bg2 Qc7 19.Rc1 Qc4 20.Rb2 Rc7 21.Qxc4 Rxc4 22. Nd2 Rc7 23.Nxe4 Ba3 24.Rbb1 Bxc1 25.Bxc1 dxe4 26.Bd2 f5 27.exf6 Nxf6 28. Rb3 Rd8 29.Be3 Kf7 30.h3 Rdc8 31.Bd2 g5 32.g4 Rd8 33.Kf1 e5 34.Be3 exd4  35.Bxd4 Re8 36.Ke2 Nd5 37.Kd2 Nf4 38.Bf1 Ne6 39.Ke3 Nxd4 40.cxd4 Kf6 41. Rb5 Ree7 42.Rf5+ Kg6 43.d5 Rcd7 44.Kd4 Rd6 45.Bb5 Rf6 46.Rxf6+ Kxf6 47.d6 Re6 48.Kd5 Re5+ 49.Kc6 Ke6 50.d7 Ke7 51.Kc7 Rd5 52.Bc6 Rd6 53.a4 Rd4 54. Bb5 a6 55.Bc6 b5 56.axb5 axb5 57.Bxb5 Rd2 58.Ba4 Rd4 59.Bb5 Rd5 60.Bc6 Rd4  61.Ba4 Rd6 62.Bc6 Rd4 63.Bb5
1/2-1/2

[Event "Høstturnering 2016"]
[Site ""]
[Date "2016.10.05"]
[Round "4"]
[White "Skjerve, Vemund"]
[Black "Brenden, Bjørn"]
[Result "0-1"]
[WhiteElo "879"]
[BlackElo "1246"]

1.e4 e5 2.Bc4 Bc5 3.Qf3 Nf6 4.Nc3 O-O 5.d3 d6 6.Be3 Bxe3 7.fxe3 Nc6 8.Nd5 Nxd5 9.Bxd5 Nb4 10.Bb3 Be6 11.c4 Nxd3+ 12.Kd2 Nc5 13.Kc2 Qd7 14.Ne2 f5 15.Nc3 fxe4 16.Qe2 Bg4 17.Qd2 Nd3 18.Nxe4 Bf5 19.Kxd3 Qc6 20.c5+ Kh8 21.Kc3 Bxe4 22.Bc4 dxc5 23.b3 Rad8 24.Qe1 b5 25.Qh4 bxc4 26.Qe7 Rde8 27.Qh4 cxb3 28.axb3 Qb7 29.Rad1 Qb4+ 30.Kb2 a5 31.Rc1 Qd2+ 32.Ka3 Rf2 33.Ra1 Qb4#
0-1

[Event "Høstturnering 2016"]
[Site ""]
[Date "2016.10.05"]
[Round "4"]
[White "Opseth, Oliver"]
[Black "Myrene, Jon Kåre"]
[Result "0-1"]
[WhiteElo "1469"]
[BlackElo "1851"]

1.d4 e5 2.dxe5 Nc6 3.Nf3 Qe7 4.Nc3 Nxe5 5.e4 Nf6 6.Bg5 c6 7.Nd4 h6 8.Bh4 Ng6 9.Bxf6 Qxf6 10.Qd2 Bb4 11.Bc4 O-O 12.O-O Nf4 13.a3 Qg5 14.Qxf4 Qxf4 15.axb4 d5 16.g3 Qf6 17.e5 Qxe5 18.Nf3 Qf6 19.Be2 Bg4 20.Kg2 Rfe8 21.Nd4 Qxd4 22.Bxg4 Qxg4 23.b5 d4 24.f3 Qf5 25.Ne4 cxb5 26.Kg1 a6 27.Nd6 Qxc2 28.Nxe8 Rxe8 29.b4 Re2 30.Rf2 Rxf2 31.Re1 Rg2+ 32.Kh1 Rxh2+
0-1

[Event "Høstturnering 2016"]
[Site ""]
[Date "2016.10.05"]
[Round "5"]
[White "Lømo, Ola Morten"]
[Black "Opseth, Oliver"]
[Result "0-1"]
[WhiteElo "1295"]
[BlackElo "1469"]

1.Nf3 d5 2.d3 Nf6 3.g3 Bf5 4.Bg2 e6 5.O-O Be7 6.Nbd2 O-O 7.Nh4 Bg4 8.h3 Bh5 9.Nhf3 c5 10.Ne5 Nbd7 11.Ndf3 Nxe5 12.Nxe5 Bd6 13.Bf4 g5 14.Nxf7 Rxf7 15.Bxg5 Rg7 16.Qd2 Ne4 17.dxe4 Qxg5 18.Qxg5 Rxg5 19.g4 Bg6 20.f4 Bxf4 21.Rxf4 e5 22.Rf2 dxe4 23.e3 h5 24.Rf6 Rf8 25.Raf1 Rxf6 26.Rxf6 Kg7 27.Re6 Kf7 28.Rd6 Ke7 29.Rd5 b6 30.Kh2 Bf7 31.Rd1 hxg4 32.hxg4 Rxg4 33.Bh3 Rh4 34.Rd7+ Kf6 35.Rxa7 Be6 36.Ra3 Rxh3+ 37.Kg2 Rf3
0-1

[Event "Høstturnering 2016"]
[Site ""]
[Date "2016.10.05"]
[Round "5"]
[White "Holmen, Svein Erik"]
[Black "Skjerve, Vemund"]
[Result "1-0"]
[WhiteElo "1101"]
[BlackElo "879"]

1.Nf3 d5 2.d4 Nf6 3.Bg5 Bf5 4.Nc3 Nc6 5.e3 Nb4 6.Bb5+ c6 7.Ba4 Ne4 8.Nxe4 Bxe4 9.a3 b5 10.Bb3 Na6 11.O-O Qd7 12.Nd2 Bg6 13.Qf3 Nc7 14.c3 Ne6 15.Bh4 a5 16.e4 Qd6 17.Bg3 Ng5 18.Qg4 h5 19.Qxg5 Qe6 20.exd5 Qf5 21.Qxf5 Bxf5 22.dxc6 a4 23.Bd5 Rd8 24.c7 Rxd5 25.Rfe1 e6 26.c8=Q+ Ke7 27.Qb7+ Kf6 28.Re5 Rxe5 29.Bxe5+ Kg6 30.Qb8 Kh7 31.Qxb5 Be7 32.c4 Bg5 33.f4 Bf6 34.Bxf6 gxf6 35.Nf3 Rg8 36.Nh4 Be4 37.Qxh5+ Kg7 38.Re1 f5 39.Re3 Rh8 40.Qg5+ Kf8 41.Qd8+ Kg7 42.Rg3+ Kh7 43.Qg5 Bf3 44.Nxf3 f6 45.Qh5#
1-0

[Event "Høstturnering 2016"]
[Site ""]
[Date "2016.10.05"]
[Round "5"]
[White "Hagen, Gard S"]
[Black "Nygård, Lars Christian"]
[Result "1-0"]
[WhiteElo "1046"]
[BlackElo "1286"]

1.e4 c6 2.d4 d5 3.e5 Bf5 4.Nf3 e6 5.Bd3 Bxd3 6.Qxd3 h6 7.Bf4 Nd7 8.Nc3 Ne7 9.Bg3 Nf5 10.Ne2 Qa5+ 11.c3 Qb6 12.O-O c5 13.c4 dxc4 14.Qxc4 Be7 15.d5 exd5 16.Qxd5 Rd8 17.Qe4 Nxg3 18.fxg3 O-O 19.Nf4 Rfe8 20.Nd5 Qc6 21.Rad1 Nb6 22.Nxe7+ Kf8 23.Nxc6 bxc6 24.Qh7 Nd5 25.Nh4 Rxe5 26.Nf5 Rxf5 27.Qxf5 Re8 28.Qxf7#
1-0

[Event "Høstturnering 2016"]
[Site ""]
[Date "2016.10.05"]
[Round "5"]
[White "Myrene, Jon Kåre"]
[Black "Ganser, Klaus"]
[Result "1-0"]
[WhiteElo "1851"]
[BlackElo "1140"]

1.e4 e5 2.f4 Nf6 3.Nc3 d5 4.exd5 e4 5.d4 Nxd5 6.Bc4 Bb4 7.Ne2 Bg4 8.O-O Bxc3 9.Bxd5 Bxe2 10.Bxf7+ Kxf7 11.Qxe2 Qxd4+ 12.Be3 Qxe3+ 13.Qxe3 Bf6 14.Qxe4 Nc6 15.c3 Rhe8 16.Qxh7 Ne7 17.Rae1 Rh8 18.Qe4 b5 19.f5 c6 20.Qe6+ Kf8 21.g4 Rd8 22.g5 Bxg5 23.f6 Bxf6 24.Qxe7+ Kg8 25.Rxf6 Rd2 26.Qf7+ Kh7 27.Qg6+ Kg8 28.Re8#
1-0

[Event "Høstturnering 2016"]
[Site ""]
[Date "2016.10.05"]
[Round "6"]
[White "Myrene, Jon Kåre"]
[Black "Holmen, Svein Erik"]
[Result "0-1"]
[WhiteElo "1851"]
[BlackElo "1101"]

1.f4 d6 2.e4 f5 3.Nc3 fxe4 4.Nxe4 d5 5.Nc3 Nf6 6.d4 Bf5 7.Nf3 e6 8.Bd3 Ne4 9.O-O Nd7 10.Bxe4 dxe4 11.Ng5 Nf6 12.Be3 h6 13.Nh3 Bxh3 14.gxh3 g6 15.Qe2 Qd7 16.Kh1 O-O-O 17.Qg2 Rg8 18.Nxe4 Nxe4 19.Qxe4 Qd5 20.Qxd5 exd5 21.Rg1 Be7 22.Rg2 Rd6 23.Rag1 Kd7 24.f5 g5 25.h4 Rf8 26.hxg5 hxg5 27.Bxg5 Rxf5 28.Bxe7 Kxe7 29.Rg7+ Rf7 30.h3 Rf6 31.Rxf7+ Rxf7 32.Kg2 b6 33.c3 a5 34.Re1+ Kd6 35.h4 c5 36.Kg3 Rg7+ 37.Kf4 Rf7+ 38.Kg5 Rf2 39.dxc5+ bxc5 40.Rb1 Rg2+ 41.Kh6 d4 42.cxd4 cxd4 43.Rd1 Kd5 44.b3 Ke4 45.h5 d3 46.Kh7 Ke3 47.a3 Ke2 48.Rb1 Rg3 49.b4 a4 50.b5 d2 51.Rb2 Ke1 52.Rb1+ d1=Q 53.Rxd1+ Kxd1 54.h6 Rxa3 55.Kg7 Rh3 56.h7 a3 57.b6 a2 58.b7 a1=Q+ 59.Kg8 Qb1 60.h8=Q Rxh8+ 61.Kxh8 Qxb7 62.Kg8 Kd2 63.Kf8 Kd3 64.Ke8 Kd4 65.Kf8 Kd5 66.Kg8 Ke6 67.Kh8 Kf6 68.Kg8 Qg7#
0-1

[Event "Høstturnering 2016"]
[Site ""]
[Date "2016.10.05"]
[Round "6"]
[White "Ganser, Klaus"]
[Black "Opseth, Erik"]
[Result "1-0"]
[WhiteElo "1140"]
[BlackElo "642"]

1.e4 c5 2.Bc4 e6 3.Nc3 Nc6 4.d3 Be7 5.Bd2 a6 6.Qg4 Bf6 7.Nf3 d6 8.Bb3 Nge7 9.a3 Bd7 10.O-O Qc7 11.Rab1 Nd4 12.Ne2 Nxe2+ 13.Kh1 O-O-O 14.e5 dxe5 15.c3 Bc6 16.Bc4 Bd7 17.b4 Nf5 18.bxc5 Qxc5 19.Qe4 Nd6 20.Qxe2 e4 21.Nd4 Bxd4 22.cxd4 Qxd4 23.Rfc1 Bc6 24.Ba5 Rd7 25.Bc3 Qc5 26.Bb4 Qg5 27.Bxa6 bxa6 28.Rxc6+ Rc7 29.Rxc7+ Kxc7 30.Bxd6+ Kxd6 31.dxe4 e5 32.Rb6+ Kd7 33.Qd2+ Ke8 34.Rb8+ Qd8 35.Qxd8#
1-0

[Event "Høstturnering 2016"]
[Site ""]
[Date "2016.10.05"]
[Round "6"]
[White "Nygård, Lars Christian"]
[Black "Opseth, Oliver"]
[Result "0-1"]
[WhiteElo "1286"]
[BlackElo "1469"]

1.c4 c5 2.Nc3 Nc6 3.g3 Nf6 4.Bg2 e6 5.Nf3 Be7 6.O-O O-O 7.d4 cxd4 8.Nxd4 d5 9.cxd5 Nxd5 10.Nxd5 exd5 11.Bf4 Bf6 12.Be3 Nxd4 13.Bxd4 Be6 14.Qd2 Bxd4 15.Qxd4 Qa5 16.Rfc1 Rac8 17.a3 Rc6 18.Rc3 Rxc3 19.Qxc3 Qxc3 20.bxc3 Rc8 21.Rc1 d4 22.Bxb7 Rxc3 23.Rd1 Rxa3 24.Rxd4 Kf8 25.Rd8+ Ke7 26.Ra8 a5 27.Ra7 Kd6 28.Kg2 Kc5 29.Be4 h6 30.Bd3 Ra1 31.Kf3 a4 32.Ke3 a3 33.Kd2 a2 34.Kc2 Rb1 35.Rxa2 Bxa2 36.Kd2 Rb8 37.Ke3 Re8+ 38.Kf3 Bc4 39.Bf5 Bxe2+ 40.Kg2 Kd4 41.h4 g6 42.Bd7 Rb8 43.Ba4 g5 44.hxg5 hxg5 45.Bc2 g4 46.Bf5 Bf3+ 47.Kh2 Rh8+
0-1

[Event "Høstturnering 2016"]
[Site ""]
[Date "2016.10.05"]
[Round "7"]
[White "Opseth, Oliver"]
[Black "Holmen, Svein Erik"]
[Result "1/2-1/2"]
[WhiteElo "1469"]
[BlackElo "1101"]

1.d4 Nf6 2.c4 c6 3.Nf3 d5 4.e3 Bg4 5.Nc3 e6 6.Be2 Nbd7 7.cxd5 exd5 8.O-O Bd6 9.b3 Bf5 10.Bb2 O-O 11.Bd3 Bxd3 12.Qxd3 Re8 13.Nd2 Qc7 14.h3 Re6 15.e4 dxe4 16.Ndxe4 Nxe4 17.Nxe4 Nf6 18.Ng5 Re7 19.d5 Be5 20.Bxe5 Rxe5 21.d6 Qd7 22.Qg3 Qf5 23.f4 Rd5 24.Rad1 Rxd1 25.Rxd1 Rd8 26.Qe3 Nd5 27.Qe5 Qxf4 28.Qxf4 Nxf4 29.Rf1 f6 30.Rxf4 fxg5 31.Ra4 Rxd6
1/2-1/2

[Event "Høstturnering 2016"]
[Site ""]
[Date "2016.10.05"]
[Round "7"]
[White "Opseth, Erik"]
[Black "Skjerve, Vemund"]
[Result "0-1"]
[WhiteElo "642"]
[BlackElo "879"]

1.e4 d5 2.Nf3 Nd7 3.d3 Ngf6 4.Be2 c6 5.O-O Qc7 6.Bd2 b6 7.Nc3 e5 8.a3 Be7 9.Re1 O-O 10.b4 Nh5 11.Qc1 c5 12.Nxd5 Qd8 13.Nxe7+ Qxe7 14.b5 Qf6 15.c4 Nf4 16.Bxf4 exf4 17.Qc2 Ne5 18.h3 Qg6 19.Nh4 Qg5 20.Nf5 g6 21.d4 f3 22.g3 cxd4 23.Qc1 Qxc1 24.Raxc1 fxe2 25.Nxd4 Nd3 26.Nxe2 Nxc1 27.Rxc1 Bxh3 28.Nf4 Bg4 29.Nd5 Bf3 30.Re1 f5 31.exf5 Bxd5 32.cxd5 Rxf5 33.Re6 Rxd5 34.a4 Rd1+
0-1

[Event "Høstturnering 2016"]
[Site ""]
[Date "2016.10.05"]
[Round "7"]
[White "Hagen, Gard S"]
[Black "Myrene, Jon Kåre"]
[Result "0-1"]
[WhiteElo "1046"]
[BlackElo "1851"]

1.e4 e5 2.Nf3 Nc6 3.d4 exd4 4.e5 d6 5.Ng5 Be7 6.e6 Bxg5 7.exf7+ Kxf7 8.f4 Bf6 9.Qh5+ g6 10.Qf3 Nge7 11.Bd3 Re8 12.O-O Kg8 13.f5 Bxf5 14.Bxf5 Nxf5 15.Bf4 Ne3 16.Nd2 Nxf1 17.Rxf1 Rf8 18.Bh6 Bg7 19.Qd5+ Kh8 20.Bxg7+ Kxg7 21.Re1 Qf6 22.Rf1 Qe5 23.Qb3 Qe3+ 24.Kh1 Rxf1+ 25.Nxf1 Qf2 26.Qc4 Rf8
0-1